00751nam a22001817a 4500003000900000008004100009040007100050082002600121100003200147245004700179260003200226300002700258505023000285650001100515650001700526650001300543710001300556AR-CdUCM190416b ||||| |||| 00| 0 spa d aMUNICIPALIDAD PROVINCIAL DEL CUSCOcBIBLIOTECA MUNICIPAL DEL CUSCO 22 ed.a985.55 /bA45  aAlvarado Alvariño, José aLas antiguas tribus yaro-willkas y otras / aLima :bItal Perú,c1989. a60 páginas ;c20 cm. aContenido : Mi palabra de presentación y la regia historia de tawantinsuyo -- Opinión valiosa sobre los Yaro Willkas -- Los antiguos Yaro - Willkas - Yauricochas - Chinchaycochas - Chaupiwarangas - Panatawas y otros ...  aTribus aYaro-willkas aHistoria aConcytec